Technical writing for Filipino students / (Record no. 4336)

MARC details
000 -LEADER
fixed length control field 00757nam a22002537i 4500
003 - CONTROL NUMBER IDENTIFIER
control field URS
005 - DATE AND TIME OF LATEST TRANSACTION
control field 20220117120256.0
008 - FIXED-LENGTH DATA ELEMENTS--GENERAL INFORMATION
fixed length control field 180511b xxu||||| |||| 00| 0 eng d
020 ## - INTERNATIONAL STANDARD BOOK NUMBER
International Standard Book Number 9789715741583
040 ## - CATALOGING SOURCE
Description conventions rda
Transcribing agency URS
Language of cataloging eng
050 ## - LIBRARY OF CONGRESS CALL NUMBER
Classification number T11
Item number .A36 2010
100 ## - MAIN ENTRY--PERSONAL NAME
Personal name Alcantara, Rebecca.
245 ## - TITLE STATEMENT
Title Technical writing for Filipino students /
Statement of responsibility, etc. Rebecca D. Alcantara, Felicidad Espina. --
250 ## - EDITION STATEMENT
Edition statement Third edition. --
264 #1 - PRODUCTION, PUBLICATION, DISTRIBUTION, MANUFACTURE, AND COPYRIGHT NOTICE
Place of production, publication, distribution, manufacture Makati City :
Name of producer, publisher, distributor, manufacturer Katha Publishing Co.,
Date of production, publication, distribution, manufacture, or copyright notice 2010.
300 ## - PHYSICAL DESCRIPTION
Extent 172 pages :
Dimensions 26 cm
336 ## - CONTENT TYPE
Content type term text
Content type code txt
Source rdacontent
337 ## - MEDIA TYPE
Media type term unmediated
Media type code n
Source rdamedia
338 ## - CARRIER TYPE
Carrier type term volume
Carrier type code nc
Source rdacarrier
500 ## - GENERAL NOTE
General note Includes references.
650 ## - SUBJECT ADDED ENTRY--TOPICAL TERM
Topical term or geographic name entry element Technical writing.
700 ## - ADDED ENTRY--PERSONAL NAME
Personal name Espina, Felicidad.
942 ## - ADDED ENTRY ELEMENTS (KOHA)
Source of classification or shelving scheme Library of Congress Classification
Koha item type Filipiniana
Holdings
Withdrawn status Source of classification or shelving scheme Damaged status Not for loan Collection code Home library Current library Shelving location Date acquired Source of acquisition Total Checkouts Full call number Barcode Date last seen Price effective from Koha item type
  Library of Congress Classification     Non-fiction Antipolo College Library Antipolo College Library On Display 05/11/2018 Donation   T11. A36 2010 URSANT-03496 05/11/2018 05/11/2018 Filipiniana

University of Rizal System
Email us at univlibservices@urs.edu.ph

Visit our Website www.urs.edu.ph/library